000 00437nam a2200157 i 4500
001 99458
003 ES-MaACL
005 20230906182512.0
007 t|
008 050908s1956 sp ||||1| spa d
100 1 _aMartínez Alegría, Agapito.
_977833
245 1 0 _aRoncesvalles /
_cAgapito Martínez Alegría.
260 _aPamplona :
_bGómez,
_c1956.
300 _a144 p., 30 lám. ;
_c21 cm.
852 _aES-MaACL
_jC-11835
_bR.40090
999 _c99458
_d99458